000 00463 a2200157 4500
005 20250624064913.0
020 _a978-93-325-4948-7
082 _a658.155 DOR
100 _aDORFMAN, M. S.
245 _aIntroduction to Risk Management and Insurance.
250 _a10th Ed,
260 _aNew Delhi,
_bPearson Education limited,
_c2015.
300 _axxxi, 459p.; ill, figure & table
_bAppendix, Glossary & Indix
_c25cm
700 _aCATHER, D. A.
942 _2ddc
_cBKS
999 _c4727
_d4727